English justice between the Norman conquest and the Great Charter: 1066 - 1215

Gespeichert in:  
Bibliographische Detailangaben
1. VerfasserIn: Stenton, Doris Mary Parsons 1894-1971 (Verfasst von)
Medienart: Druck Buch
Sprache:Englisch
Veröffentlicht: London Allen & Unwin 1965
In: Jayne lectures (1963)
Jahr: 1965
Bestand in Tübingen:In Tübingen vorhanden.
IFK: F VII 28
Verfügbarkeit prüfen: HBZ Gateway
Subito Bestelldienst: Jetzt bestellen.

MARC

LEADER 00000cam a2200000 c 4500
001 1097013316
003 DE-627
005 20251224220733.0
007 tu
008 920122s1965 xx ||||| 00| ||eng c
035 |a (DE-627)1097013316 
035 |a (DE-576)027013316 
035 |a (DE-599)BSZ027013316 
035 |a (OCoLC)04309889 
040 |a DE-627  |b ger  |c DE-627  |e rakwb 
041 |a eng 
082 0 |a 347.9942 
084 |a NT 2135  |2 rvk  |0 (DE-625)rvk/131022: 
100 1 |8 1\p  |a Stenton, Doris Mary Parsons  |d 1894-1971  |0 (DE-588)121223647  |0 (DE-627)081165188  |0 (DE-576)213612593  |4 aut 
109 |a Stenton, Doris Mary Parsons 1894-1971  |a Stenton, Doris M. 1894-1971  |a Parsons Stenton, Doris Mary 1894-1971  |a Stenton Lady 1894-1971  |a Stenton, Doris Mary 1894-1971  |a Parsons, Doris Mary 1894-1971 
245 1 0 |a English justice between the Norman conquest and the Great Charter  |b 1066 - 1215 
264 1 |a London  |b Allen & Unwin  |c 1965 
300 |a IX, 238 S. 
336 |a Text  |b txt  |2 rdacontent 
337 |a ohne Hilfsmittel zu benutzen  |b n  |2 rdamedia 
338 |a Band  |b nc  |2 rdacarrier 
490 1 |a Jayne lectures  |v 1963 
830 0 |a Jayne lectures  |v 1963  |9 1963  |w (DE-627)12954955X  |w (DE-576)00128133X  |w (DE-600)219105-2  |7 am 
883 |8 1\p  |a cgwrk  |d 20241001  |q DE-101  |u https://d-nb.info/provenance/plan#cgwrk 
936 r v |a NT 2135  |b Großbritannien (England, Schottland und Irland)  |k Geschichte  |k Allgemeine Rechts-, Verfassungs- und Verwaltungsgeschichte  |k Quellen zur Rechts-, Verfassungs- und Verwaltungsgeschichte  |k Quellen zur Rechtsgeschichte auswärtiger Staaten und Völker  |k Europa  |k Großbritannien (England, Schottland und Irland)  |0 (DE-627)1271538245  |0 (DE-625)rvk/131022:  |0 (DE-576)201538245 
951 |a BO 
ELC |b 1 
LOK |0 000 xxxxxcx a22 zn 4500 
LOK |0 001 2178752810 
LOK |0 003 DE-627 
LOK |0 004 1097013316 
LOK |0 005 20020607000000 
LOK |0 008 930914||||||||||||||||ger||||||| 
LOK |0 040   |a DE-21-110  |c DE-627  |d DE-21-110 
LOK |0 852   |a DE-21-110 
LOK |0 852 1  |c F VII 28  |m p  |9 00 
LOK |0 935   |a k110 
LOK |0 936ln  |a 2.3 
LOK |0 938   |k p 
LOK |0 939   |a 14-09-93  |b l01 
ORI |a SA-MARC-krimdoka001.raw 
SIG |a IFK: F VII 28